| 000 | 01316cam a2200217 4500 | ||
|---|---|---|---|
| 001 | WB3924-09 | ||
| 008 | 030624n2003 000 0 eng u | ||
| 035 | _a(Sirsi) u122724 | ||
| 245 | _aHSE targets small firms | ||
| 260 | _c2003 | ||
| 490 |
_aHSE News Release _vCO22:03 13 June 2003 (2) |
||
| 490 |
_aBuilding _v268(8288) 20 June 2003, 16(1) |
||
| 520 | _aThe Health and Safety Executive has launched a new safety initiative, "High 5", to reduce accidents on small construction sites. HSE research showed that 75% of deaths and injuries on site happen to self-employed workers or those who work for a small business. Small businesses account for 98% of the construction industry. The leaflet deals with five key hazards on site: untidy sites, falls from heights, manual injuries caused by working with heavy materials, accidents involving transport and asbestos. Copies of the leaflet can be download from the Working Well Together site, http://wwt.uk.com or be ordered online from www.hsebooks.co.uk or from HSE Books, PO Box 1999, Sudbury, Suffolk, CO10 2WA, t +44 (0)1787 881165 or f +44 (0)1787 313995. | ||
| 590 | _aWB | ||
| 650 | _aBUILDING SITES | ||
| 650 | _aBUILDING SITE MANAGEMENT | ||
| 650 | _aSITE SAFETY | ||
| 650 | _aSMALL BUSINESSES | ||
| 690 |
_aHealth and safety _96244 |
||
| 942 | _n0 | ||
| 999 |
_c72909 _d72909 |
||